| 000 | 00600nam a22002057a 4500 | ||
|---|---|---|---|
| 003 | OSt | ||
| 005 | 20140310182041.0 | ||
| 008 | 130816t xxu||||| |||| 00| 0 eng d | ||
| 020 | _a0804111898 | ||
| 050 |
_aBD 431 _b.F87 1991 |
||
| 082 |
_aHS 248.4 _b.F95 1991 |
||
| 100 |
_aFulghum, Robert. _911214 |
||
| 245 |
_aUh-Oh : _bsome observations from both sides of the refigarator door / _cRobert Fulghum. |
||
| 260 |
_aNew York : _bVillard Books, _cc1991. |
||
| 300 |
_a246 p., _c17 cm. |
||
| 541 | _j1 | ||
| 650 |
_aLife. _97111 |
||
| 650 |
_aLarge type books. _911215 |
||
| 942 |
_2lcc _cHS |
||
| 999 |
_c8797 _d8797 |
||